000 00803nam a22002177a 4500
008 240702b mp ||||| |||| 00| 0 mon d
035 _a13228
040 _aSU1322070
_bmon
_cMN-UlNLM
_dMN-UlNLM
_erda
041 _amon
042 _a34276
084 _2NNA
_a82.3(0)
_bД-401
100 _aДефо Д.
245 0 _aРобинзон Крузо
264 _aУБ
_bМон судар
_c2000
300 _a36х.
336 _2rdacontent
_atext
_btxt
337 _2rdamedia
_aunmediated
_bn
338 _2rdacarrier
_avolume
_bnc
650 _aАнглийн зохиолч Даниэль Дефо дэлхийн уран зохиолд "Робинзон Крузо" романаараа мөнхөрсөн юм. 300 гаруй жилийн туршид хамгийн их у...
942 _2NNA
_cBK
999 _c1070815
_d1070872